Countries of the World but Without the First Letter - Statistics

General Stats
  • This quiz has been taken 718 times
  • The average score is 135 of 196
Answer Stats
Starting Letter Rest of Country Name % Correct
A fghanistan
88%
A lbania
86%
A ndorra
85%
A ustralia
85%
A lgeria
84%
A rgentina
84%
A ustria
84%
I ran
83%
A rmenia
83%
C anada
80%
B elgium
80%
A ngola
80%
B razil
80%
C hina
79%
D emocratic Republic of the Congo
78%
I raq
78%
A zerbaijan
78%
D enmark
77%
R epublic of the Congo
77%
F inland
77%
U nited States
77%
G | Z ambia
76%
J apan
76%
C hile
76%
N orway
76%
F rance
76%
B elize
75%
G ermany
75%
E gypt
75%
B hutan
75%
I ndia
75%
B olivia
75%
B ulgaria
75%
R ussia
75%
B ahamas
74%
B ahrain
74%
H aiti
74%
L aos
74%
P eru
74%
U nited Kingdom
74%
C olombia
74%
I reland
74%
C uba
74%
S weden
74%
B arbados
73%
L atvia
73%
B elarus
73%
B enin
73%
M exico
73%
O man
73%
D ominica
73%
B osnia and Herzegovina
73%
S pain
73%
C roatia
73%
I taly
73%
C ambodia
72%
B angladesh
72%
I celand
72%
E cuador
72%
Y emen
72%
L ibya
72%
L ithuania
72%
I ndonesia
72%
A ntigua and Barbuda
72%
S outh Korea
72%
G reece
72%
I srael
72%
E stonia
72%
J amaica
71%
Q atar
71%
N etherlands
71%
C had
71%
F iji
71%
P oland
71%
H onduras
71%
J ordan
71%
N orth korea
71%
P ortugal
71%
L uxembourg
71%
P akistan
70%
P anama
70%
P araguay
70%
V enezuela
70%
N iger
70%
M orocco
70%
U ruguay
70%
B runei
70%
E thiopia
70%
G uatemala
70%
H ungary
70%
C zech Republic
70%
M ali
69%
K enya
69%
V ietnam
69%
N igeria
69%
D ominican Republic
69%
B otswana
69%
G uinea
69%
G uyana
69%
N ew Zealand
68%
D jibouti
68%
S lovakia
68%
S lovenia
68%
R omania
68%
K osovo
68%
C osta Rica
68%
T urkey
68%
B urundi
68%
C yprus
68%
V atican City
67%
L ebanon
67%
S erbia
67%
G hana
67%
Z imbabwe
67%
E l Salvador
67%
M onaco
67%
S outh Africa
67%
E ritrea
67%
M alta
66%
N icaragua
66%
U kraine
66%
S outh Sudan
66%
S udan
66%
S witzerland
66%
M adagascar
65%
P alau
65%
C ameroon
65%
N amibia
65%
S an Marino
65%
M auritania
65%
N epal
65%
L esotho
65%
C omoros
65%
G uinea-Bissau
65%
S uriname
65%
M auritius
64%
T ogo
64%
M ongolia
64%
M ontenegro
64%
N orth Macedonia
64%
E swatini
64%
K uwait
64%
R wanda
64%
M yanmar
64%
G abon
63%
S aint Lucia
63%
M alaysia
63%
V anuatu
63%
E ast Timor
63%
T hailand
63%
M oldova
63%
G renada
63%
S aint Kitts and Nevis
62%
M aldives
62%
M arshall Islands
62%
S audi Arabia
62%
N auru
62%
K azakhstan
62%
C entral African Republic
62%
L iberia
62%
T unisia
62%
B urkina Faso
62%
S yria
62%
S aint Vincent and the Grenadines
61%
S amoa
61%
G eorgia
61%
U ganda
61%
L iechtenstein
61%
K iribati
61%
S omalia
61%
T onga
61%
M ozambique
61%
T rinidad and Tobago
61%
T urkmenistan
61%
T uvalu
61%
I vory Coast
61%
U zbekistan
61%
S enegal
60%
S eychelles
60%
S ingapore
60%
P hilippines
59%
S olomon Islands
59%
S ri Lanka
59%
T ajikistan
58%
M alawi
58%
P apua New guinea
58%
U nited Arab Emirates
58%
E quatorial Guinea
58%
T aiwan
57%
T anzania
57%
S ão Tomé and Príncipe
56%
M icronesia
56%
S ierra Leone
56%
K yrgyzstan
54%
C abo Verde
52%
No matching quizzes found
Score Distribution
Percent of People with Each Score
Percentile by Number Answered
Your Score History
You have not taken this quiz